ՀՀ Գիտությունների ազգային ակադեմիայի հիմնարար գիտական գրադարան  =   Fundamental Scientific Library of NAS RA

Проблема человека в работах Маркса 40-х годов XIX века : (Record no. 169675)

MARC details
000 -LEADER
fixed length control field 01107nam a2200205 u 4500
001 - CONTROL NUMBER
control field 000465271
003 - CONTROL NUMBER IDENTIFIER
control field AM-YeHGA
005 - DATE AND TIME OF LATEST TRANSACTION
control field 20250617133711.0
008 - FIXED-LENGTH DATA ELEMENTS--GENERAL INFORMATION
fixed length control field 051123s1973 ||||||||||||||||||||rus d
040 ## - CATALOGING SOURCE
Original cataloging agency AM-YeHGA
041 0# - LANGUAGE CODE
Language code of text/sound track or separate title rus
090 ## - LOCALLY ASSIGNED LC-TYPE CALL NUMBER (OCLC); LOCAL CALL NUMBER (RLIN)
-- 171110
100 1# - MAIN ENTRY--PERSONAL NAME
Personal name Цанн-Кай-Си, Ф.В.
245 10 - TITLE STATEMENT
Title Проблема человека в работах Маркса 40-х годов XIX века :
Remainder of title Спецкурс по марксистско-ленинской философии /
Statement of responsibility, etc. Ф.В. Цанн-Кай-Си ; Ред. Ю.В. Соломонов ; М-во просвещ. РСФСР. Владимир. гос. пед. ин-т им. П.И. Лебедева-Полянского.
260 ## - PUBLICATION, DISTRIBUTION, ETC.
Place of publication, distribution, etc. Владимир :
Name of publisher, distributor, etc. Б. и.,
Date of publication, distribution, etc. 1973.
300 ## - PHYSICAL DESCRIPTION
Extent 229 с.
650 14 - SUBJECT ADDED ENTRY--TOPICAL TERM
Topical term or geographic name entry element История Коммунистической партии
700 1# - ADDED ENTRY--PERSONAL NAME
Personal name Соломонов, Ю.В.
Relator term ред.
Relationship edt
710 2# - ADDED ENTRY--CORPORATE NAME
Corporate name or jurisdiction name as entry element Владимирский государственный педагогический институт им. П.И. Лебедева-Полянского
Subordinate unit Кафедра педагогики
Holdings
Withdrawn status Lost status Damaged status Not for loan Collection Home library Current library Date acquired Total checkouts Full call number Barcode Date last seen Price effective from Koha item type Public note
        General Fundamental Scientific Library Fundamental Scientific Library 28/12/2016   PII/308018 FL0194539 28/12/2016 28/12/2016 Գրքեր / Books 30 Days Loan


ՀՀ ԳԱԱ հիմնարար գիտական գրադարան
ՀՀ,Երևան 0019
Մարշալ Բաղրամյան 24/6
հեռախոս:(374-10) 52-47-50
Հետադարձ կապ

All site content, except where otherwise noted, is licensed under a
Creative Commons License